[Event "Королевский Гамбит. Южный Федеральный округ."]
[Date "2025-11-21"]
[Round "4.7"]
[Board "7"]
[White "Дмитриенко Иван"]
[WhiteElo "1009"]
[Black "Жураков Всеволод"]
[BlackElo "999"]
[WebSite "https://www.chessopen.ru"]
[GameId "8862945c-4558-4566-a26a-922d8232f5a0"]
[Result "1-0"]

1. b3 { [%clk 0:10:00] } e5 { [%clk 0:09:59] } 2. Bb2 { [%clk 0:10:00] } Nc6 {
[%clk 0:10:00] } 3. e4 { [%clk 0:09:57] } Nf6 { [%clk 0:09:56] } 4. d3 { [%clk
0:09:59] } Be7 { [%clk 0:09:56] } 5. Nf3 { [%clk 0:09:59] } d6 { [%clk 0:09:56]
} 6. Be2 { [%clk 0:09:59] } O-O { [%clk 0:09:56] } 7. c4 { [%clk 0:10:00] } h6
{ [%clk 0:09:48] } 8. Nc3 { [%clk 0:09:59] } Bd7 { [%clk 0:09:34] } 9. O-O {
[%clk 0:09:54] } Nd4 { [%clk 0:08:23] } 10. Nxd4 { [%clk 0:09:53] } exd4 {
[%clk 0:08:20] } 11. Nd5 { [%clk 0:09:34] } Nxd5 { [%clk 0:08:18] } 12. exd5 {
[%clk 0:09:35] } Bf6 { [%clk 0:08:13] } 13. Rc1 { [%clk 0:09:27] } c5 { [%clk
0:07:50] } 14. dxc6 { [%clk 0:09:26] } Bxc6 { [%clk 0:07:51] } 15. Ba3 { [%clk
0:09:17] } Bg5 { [%clk 0:07:28] } 16. f4 { [%clk 0:09:15] } Bh4 { [%clk
0:07:14] } 17. g3 { [%clk 0:09:10] } Be7 { [%clk 0:07:07] } 18. Re1 { [%clk
0:09:06] } Re8 { [%clk 0:07:00] } 19. c5 { [%clk 0:08:56] } Qa5 { [%clk
0:06:40] } 20. Bb2 { [%clk 0:08:27] } Qxa2 { [%clk 0:06:30] } 21. Bxd4 { [%clk
0:08:23] } dxc5 { [%clk 0:06:18] } 22. Bxc5 { [%clk 0:08:24] } Bxc5+ { [%clk
0:06:14] } 23. Rxc5 { [%clk 0:08:22] } Qa3 { [%clk 0:05:56] } 24. Rc3 { [%clk
0:08:14] } Qb4 { [%clk 0:05:46] } 25. Qd2 { [%clk 0:08:08] } Rac8 { [%clk
0:05:27] } 26. f5 { [%clk 0:07:58] } Bf3 { [%clk 0:05:07] } 27. Bxf3 { [%clk
0:07:52] } Rxe1+ { [%clk 0:05:04] } 28. Qxe1 { [%clk 0:07:52] } Rxc3 { [%clk
0:05:04] } 29. Qe8+ { [%clk 0:07:52] } Kh7 { [%clk 0:05:02] } 30. f6 { [%clk
0:07:49] } Qd4+ { [%clk 0:04:57] } 31. Kg2 { [%clk 0:07:45] } Qxf6 { [%clk
0:04:51] } 32. Bxb7 { [%clk 0:07:32] } Rxd3 { [%clk 0:04:28] } 33. Be4+ { [%clk
0:07:30] } g6 { [%clk 0:03:55] } 34. Bxd3 { [%clk 0:07:25] } Qb2+ { [%clk
0:03:48] } 35. Kh3 { [%clk 0:07:07] } Qxb3 { [%clk 0:03:39] } 36. Qd7 { [%clk
0:06:50] } a5 { [%clk 0:03:17] } 37. Bb5 { [%clk 0:06:01] } Qf3 { [%clk
0:02:49] } 38. Bc4 { [%clk 0:05:25] } Kg7 { [%clk 0:02:34] } 39. Qd4+ { [%clk
0:04:40] } Kh7 { [%clk 0:02:21] } 40. Qg4 { [%clk 0:04:35] } Qf6 { [%clk
0:02:02] } 41. Bd3 { [%clk 0:04:00] } h5 { [%clk 0:01:43] } 42. Qxh5+ { [%clk
0:04:00] } Kg7 { [%clk 0:01:35] } 43. Qxa5 { [%clk 0:03:54] } Qf3 { [%clk
0:01:25] } 44. Qe5+ { [%clk 0:03:36] } Kh6 { [%clk 0:01:19] } 45. Qf4+ { [%clk
0:03:29] } Qxf4 { [%clk 0:01:10] } 46. gxf4 { [%clk 0:03:28] } Kh5 { [%clk
0:00:57] } 47. Kg3 { [%clk 0:03:24] } g5 { [%clk 0:00:54] } 48. f5 { [%clk
0:03:22] } f6 { [%clk 0:00:50] } 49. Be2+ { [%clk 0:03:19] } Kh6 { [%clk
0:00:49] } 50. Kg4 { [%clk 0:03:20] } Kg7 { [%clk 0:00:49] } 51. h4 { [%clk
0:03:20] } gxh4 { [%clk 0:00:50] } 52. Kxh4 { [%clk 0:03:23] } Kf7 { [%clk
0:00:51] } 53. Kh5 { [%clk 0:03:24] } Kg7 { [%clk 0:00:52] } 54. Bc4 { [%clk
0:03:23] } Kf8 { [%clk 0:00:52] } 55. Kg6 { [%clk 0:03:24] } Ke7 { [%clk
0:00:53] } 56. Be6 { [%clk 0:03:21] } Kf8 { [%clk 0:00:51] } 57. Kxf6 { [%clk
0:03:21] } Ke8 { [%clk 0:00:49] } 58. Kg7 { [%clk 0:03:21] } 1-0

[Event "Королевский Гамбит. Южный Федеральный округ."]
[Date "2025-11-21"]
[Round "4.7"]
[Board "7"]
[White "Сериков Дмитрий"]
[WhiteElo "953"]
[Black "Дмитрий Алдохин"]
[BlackElo "981"]
[WebSite "https://www.chessopen.ru"]
[GameId "f53187c4-3502-433a-8c17-1e86148878aa"]
[Result "1-0"]

1. e4 { [%clk 0:09:58] } e5 { [%clk 0:09:58] } 2. Nf3 { [%clk 0:09:57] } Nc6 {
[%clk 0:09:57] } 3. Nc3 { [%clk 0:09:57] } Nf6 { [%clk 0:09:54] } 4. Bc4 {
[%clk 0:09:53] } Bc5 { [%clk 0:09:53] } 5. d3 { [%clk 0:09:51] } h6 { [%clk
0:09:52] } 6. Be3 { [%clk 0:09:50] } O-O { [%clk 0:09:52] } 7. Bxc5 { [%clk
0:09:49] } d6 { [%clk 0:09:40] } 8. Bb4 { [%clk 0:09:43] } Nxe4 { [%clk
0:09:33] } 9. dxe4 { [%clk 0:09:40] } Qf6 { [%clk 0:09:32] } 10. Nd5 { [%clk
0:09:32] } Qf5 { [%clk 0:09:28] } 11. exf5 { [%clk 0:09:30] } Bxf5 { [%clk
0:09:15] } 12. Nh4 { [%clk 0:09:08] } Rae8 { [%clk 0:09:03] } 13. Nxf5 { [%clk
0:09:08] } Nxb4 { [%clk 0:08:55] } 14. Qg4 { [%clk 0:09:09] } Nxc2+ { [%clk
0:08:37] } 15. Kd1 { [%clk 0:09:04] } g6 { [%clk 0:08:27] } 16. Nf6+ { [%clk
0:09:00] } Kh8 { [%clk 0:08:22] } 17. Nxe8 { [%clk 0:08:51] } Rxe8 { [%clk
0:08:11] } 18. Bxf7 { [%clk 0:08:51] } Rf8 { [%clk 0:08:10] } 19. Qxg6 { [%clk
0:08:49] } Rxf7 { [%clk 0:07:51] } 20. Qxf7 { [%clk 0:08:50] } Nxa1 { [%clk
0:07:44] } 21. Qg7# { [%clk 0:08:49] } 1-0

[Event "Королевский Гамбит. Южный Федеральный округ."]
[Date "2025-11-21"]
[Round "4.8"]
[Board "8"]
[White "Мережко Татьяна"]
[WhiteElo "1002"]
[Black "Арина Фисенко"]
[BlackElo "970"]
[WebSite "https://www.chessopen.ru"]
[GameId "872ef162-6e44-403e-9232-2a5a0f6d527c"]
[Result "1-0"]

1. e4 { [%clk 0:10:01] } e5 { [%clk 0:09:57] } 2. Nf3 { [%clk 0:10:02] } d6 {
[%clk 0:09:57] } 3. Bc4 { [%clk 0:10:01] } c6 { [%clk 0:09:54] } 4. Nc3 { [%clk
0:09:59] } Qa5 { [%clk 0:09:53] } 5. d3 { [%clk 0:09:56] } Nf6 { [%clk 0:09:50]
} 6. Bd2 { [%clk 0:09:58] } d5 { [%clk 0:09:42] } 7. Nxd5 { [%clk 0:09:56] }
Nxd5 { [%clk 0:09:40] } 8. Bxa5 { [%clk 0:09:56] } b6 { [%clk 0:09:39] } 9.
exd5 { [%clk 0:09:54] } cxd5 { [%clk 0:09:40] } 10. Bxd5 { [%clk 0:09:56] }
bxa5 { [%clk 0:09:41] } 11. Bxa8 { [%clk 0:09:57] } Bb4+ { [%clk 0:09:34] } 12.
c3 { [%clk 0:09:57] } Bc5 { [%clk 0:09:32] } 13. Nxe5 { [%clk 0:09:56] } Bf5 {
[%clk 0:09:23] } 14. Bd5 { [%clk 0:09:52] } O-O { [%clk 0:09:12] } 15. Qf3 {
[%clk 0:09:47] } Nd7 { [%clk 0:09:06] } 16. Nxd7 { [%clk 0:09:48] } Re8+ {
[%clk 0:08:58] } 17. Be4 { [%clk 0:09:41] } Bxe4 { [%clk 0:08:52] } 18. dxe4 {
[%clk 0:09:41] } h6 { [%clk 0:08:20] } 19. Nxc5 { [%clk 0:09:40] } Rd8 { [%clk
0:08:08] } 20. O-O { [%clk 0:09:39] } Rc8 { [%clk 0:08:04] } 21. Nb7 { [%clk
0:09:37] } Rc7 { [%clk 0:07:57] } 22. e5 { [%clk 0:09:18] } Rd7 { [%clk
0:07:40] } 23. Rad1 { [%clk 0:09:17] } Re7 { [%clk 0:07:36] } 24. Rd8+ { [%clk
0:09:10] } Kh7 { [%clk 0:07:31] } 25. Qe4+ { [%clk 0:09:07] } g6 { [%clk
0:06:59] } 26. Rfd1 { [%clk 0:09:06] } f5 { [%clk 0:06:50] } 27. Qc6 { [%clk
0:08:39] } Rxe5 { [%clk 0:06:26] } 28. R1d7+ { [%clk 0:08:37] } Re7 { [%clk
0:06:01] } 29. Rxe7# { [%clk 0:08:36] } 1-0

[Event "Королевский Гамбит. Южный Федеральный округ."]
[Date "2025-11-21"]
[Round "4.8"]
[Board "8"]
[White "Недбальская Вера"]
[WhiteElo "991"]
[Black "Харьковская Анна"]
[BlackElo "1028"]
[WebSite "https://www.chessopen.ru"]
[GameId "e5007dec-7eb9-432f-aa54-2ea4abd75513"]
[Result "1-0"]

1. e4 { [%clk 0:09:43] } e5 { [%clk 0:10:00] } 2. Nf3 { [%clk 0:09:44] } Nc6 {
[%clk 0:10:02] } 3. Bc4 { [%clk 0:09:45] } Bc5 { [%clk 0:10:03] } 4. d3 { [%clk
0:09:45] } Nf6 { [%clk 0:10:02] } 5. h3 { [%clk 0:09:39] } h6 { [%clk 0:10:02]
} 6. c3 { [%clk 0:09:22] } O-O { [%clk 0:09:45] } 7. a4 { [%clk 0:09:05] } d6 {
[%clk 0:09:32] } 8. b4 { [%clk 0:08:59] } Bxb4 { [%clk 0:09:10] } 9. cxb4 {
[%clk 0:08:54] } Nxb4 { [%clk 0:08:59] } 10. Ba3 { [%clk 0:08:35] } Nc6 { [%clk
0:08:50] } 11. Bb5 { [%clk 0:08:23] } Nd4 { [%clk 0:08:28] } 12. Nxd4 { [%clk
0:08:09] } exd4 { [%clk 0:08:23] } 13. O-O { [%clk 0:07:45] } c6 { [%clk
0:08:16] } 14. Bc4 { [%clk 0:07:36] } Re8 { [%clk 0:07:57] } 15. Bb2 { [%clk
0:07:12] } d5 { [%clk 0:07:54] } 16. Bb3 { [%clk 0:07:07] } dxe4 { [%clk
0:07:32] } 17. dxe4 { [%clk 0:06:59] } Nxe4 { [%clk 0:07:32] } 18. Bxd4 { [%clk
0:06:41] } Bd7 { [%clk 0:06:58] } 19. Bb2 { [%clk 0:06:20] } Qc8 { [%clk
0:06:50] } 20. Qd4 { [%clk 0:06:02] } Nf6 { [%clk 0:06:29] } 21. Qc4 { [%clk
0:05:40] } Re7 { [%clk 0:06:17] } 22. Bxf6 { [%clk 0:05:10] } Be6 { [%clk
0:06:06] } 23. Qc3 { [%clk 0:04:56] } gxf6 { [%clk 0:05:37] } 24. Bxe6 { [%clk
0:04:45] } Qxe6 { [%clk 0:05:00] } 25. Qg3+ { [%clk 0:04:33] } Kf8 { [%clk
0:04:39] } 26. Nc3 { [%clk 0:04:18] } Rd7 { [%clk 0:04:13] } 27. Rfe1 { [%clk
0:04:09] } Qd6 { [%clk 0:03:49] } 28. Qxd6+ { [%clk 0:04:04] } Rxd6 { [%clk
0:03:50] } 29. Ne4 { [%clk 0:04:00] } Re6 { [%clk 0:03:27] } 30. Nc5 { [%clk
0:03:52] } Rxe1+ { [%clk 0:03:28] } 31. Rxe1 { [%clk 0:03:51] } b6 { [%clk
0:03:28] } 32. Nd3 { [%clk 0:03:36] } Rd8 { [%clk 0:03:24] } 33. Nf4 { [%clk
0:03:27] } Rd4 { [%clk 0:03:20] } 34. Nh5 { [%clk 0:03:22] } Rxa4 { [%clk
0:03:16] } 35. Nxf6 { [%clk 0:03:21] } b5 { [%clk 0:03:12] } 36. Re8+ { [%clk
0:03:18] } Kg7 { [%clk 0:03:12] } 37. Nh5+ { [%clk 0:03:11] } Kg6 { [%clk
0:03:11] } 38. Ng3 { [%clk 0:02:59] } b4 { [%clk 0:03:07] } 39. Rg8+ { [%clk
0:02:50] } Kf6 { [%clk 0:03:06] } 40. Ne4+ { [%clk 0:02:41] } Ke7 { [%clk
0:03:04] } 41. Rb8 { [%clk 0:02:30] } a5 { [%clk 0:02:41] } 42. Rb7+ { [%clk
0:02:15] } Ke6 { [%clk 0:02:40] } 43. Nc5+ { [%clk 0:02:12] } Kd5 { [%clk
0:02:35] } 44. Nxa4 { [%clk 0:02:10] } Kc4 { [%clk 0:02:35] } 45. Nb2+ { [%clk
0:02:07] } Kb3 { [%clk 0:02:34] } 46. Nd3 { [%clk 0:01:46] } a4 { [%clk
0:02:33] } 47. Rxb4+ { [%clk 0:01:36] } Kc3 { [%clk 0:02:26] } 48. Rxa4 { [%clk
0:01:33] } Kxd3 { [%clk 0:02:27] } 49. Ra3+ { [%clk 0:01:24] } Kd4 { [%clk
0:02:25] } 50. Kf1 { [%clk 0:01:16] } c5 { [%clk 0:02:24] } 51. Ke1 { [%clk
0:01:16] } c4 { [%clk 0:02:25] } 52. Ra4 { [%clk 0:01:16] } Kd3 { [%clk
0:02:26] } 53. Kd1 { [%clk 0:01:17] } c3 { [%clk 0:02:27] } 54. Kc1 { [%clk
0:01:09] } f5 { [%clk 0:02:26] } 55. Rf4 { [%clk 0:01:06] } h5 { [%clk 0:02:22]
} 56. Rxf5 { [%clk 0:00:59] } h4 { [%clk 0:02:22] } 57. Rf4 { [%clk 0:00:55] }
c2 { [%clk 0:02:21] } 58. Rxh4 { [%clk 0:00:51] } Kc3 { [%clk 0:02:21] } 59. f4
{ [%clk 0:00:48] } Kd3 { [%clk 0:02:22] } 60. f5 { [%clk 0:00:46] } Kc3 { [%clk
0:02:21] } 61. f6 { [%clk 0:00:42] } Kb3 { [%clk 0:02:05] } 62. f7 { [%clk
0:00:39] } Kc3 { [%clk 0:02:06] } 63. f8=Q { [%clk 0:00:34] } Kd3 { [%clk
0:02:08] } 64. Qf3# { [%clk 0:00:29] } 1-0

[Event "Королевский Гамбит. Южный Федеральный округ."]
[Date "2025-11-21"]
[Round "4.8"]
[Board "8"]
[White "Пилипчук Алёна"]
[WhiteElo "990"]
[Black "Половко Катя"]
[BlackElo "1019"]
[WebSite "https://www.chessopen.ru"]
[GameId "76443fb1-956f-445b-9f3a-4f291ea56348"]
[Result "0-1"]

1. e4 { [%clk 0:10:00] } d6 { [%clk 0:10:00] } 2. Nf3 { [%clk 0:09:59] } Nf6 {
[%clk 0:10:01] } 3. Nc3 { [%clk 0:10:00] } g6 { [%clk 0:10:03] } 4. Bc4 { [%clk
0:10:01] } Bg7 { [%clk 0:10:03] } 5. d3 { [%clk 0:09:51] } O-O { [%clk 0:09:59]
} 6. Be3 { [%clk 0:09:49] } Nc6 { [%clk 0:09:54] } 7. O-O { [%clk 0:09:49] }
Ng4 { [%clk 0:09:52] } 8. h3 { [%clk 0:09:42] } Nxe3 { [%clk 0:09:46] } 9. fxe3
{ [%clk 0:09:43] } Ne5 { [%clk 0:09:39] } 10. Nd4 { [%clk 0:09:24] } Nxc4 {
[%clk 0:09:36] } 11. dxc4 { [%clk 0:09:24] } e5 { [%clk 0:09:26] } 12. Nf3 {
[%clk 0:09:23] } Bh6 { [%clk 0:09:10] } 13. Qd3 { [%clk 0:09:20] } Qf6 { [%clk
0:09:00] } 14. Nh2 { [%clk 0:09:01] } Qg5 { [%clk 0:08:48] } 15. Rfe1 { [%clk
0:08:48] } Bxh3 { [%clk 0:08:45] } 16. Qe2 { [%clk 0:08:33] } Rfe8 { [%clk
0:08:21] } 17. Kh1 { [%clk 0:08:26] } Re6 { [%clk 0:08:20] } 18. Rf1 { [%clk
0:08:22] } Bxg2+ { [%clk 0:08:14] } 19. Qxg2 { [%clk 0:08:19] } Qxg2+ { [%clk
0:08:13] } 20. Kxg2 { [%clk 0:08:20] } Bxe3 { [%clk 0:08:11] } 21. Kh1 { [%clk
0:08:12] } Rae8 { [%clk 0:07:53] } 22. Rf3 { [%clk 0:08:08] } Bd4 { [%clk
0:07:42] } 23. Raf1 { [%clk 0:08:04] } Rf8 { [%clk 0:07:37] } 24. b3 { [%clk
0:07:52] } Kg7 { [%clk 0:07:17] } 25. Ne2 { [%clk 0:07:47] } Bc5 { [%clk
0:07:15] } 26. Ng4 { [%clk 0:07:41] } h5 { [%clk 0:07:03] } 27. Nh2 { [%clk
0:07:34] } a6 { [%clk 0:06:54] } 28. c3 { [%clk 0:07:03] } b5 { [%clk 0:06:48]
} 29. b4 { [%clk 0:07:01] } Bb6 { [%clk 0:06:36] } 30. a3 { [%clk 0:06:56] }
bxc4 { [%clk 0:06:36] } 31. Rg3 { [%clk 0:06:32] } c6 { [%clk 0:06:22] } 32.
Nf3 { [%clk 0:05:53] } Rf6 { [%clk 0:06:17] } 33. Nh2 { [%clk 0:05:28] } Re6 {
[%clk 0:06:00] } 34. a4 { [%clk 0:04:57] } a5 { [%clk 0:05:55] } 35. bxa5 {
[%clk 0:04:56] } Bxa5 { [%clk 0:05:54] } 36. Nc1 { [%clk 0:04:28] } d5 { [%clk
0:05:54] } 37. exd5 { [%clk 0:04:27] } cxd5 { [%clk 0:05:55] } 38. Re1 { [%clk
0:04:10] } d4 { [%clk 0:05:52] } 39. Re4 { [%clk 0:04:04] } Rfe8 { [%clk
0:05:44] } 40. cxd4 { [%clk 0:04:04] } exd4 { [%clk 0:05:45] } 41. Rxe6 { [%clk
0:03:41] } Rxe6 { [%clk 0:05:44] } 42. Nf3 { [%clk 0:03:33] } d3 { [%clk
0:05:41] } 43. Nd2 { [%clk 0:03:29] } Bxd2 { [%clk 0:05:40] } 44. Rg1 { [%clk
0:03:15] } Bf4 { [%clk 0:05:28] } 45. a5 { [%clk 0:03:05] } d2 { [%clk 0:05:19]
} 46. Na2 { [%clk 0:03:03] } Re1 { [%clk 0:05:13] } 47. Nc3 { [%clk 0:02:52] }
Rxg1+ { [%clk 0:05:02] } 48. Kxg1 { [%clk 0:02:49] } Be5 { [%clk 0:05:01] } 49.
Nd1 { [%clk 0:02:49] } c3 { [%clk 0:04:58] } 50. Ne3 { [%clk 0:02:24] } c2 {
[%clk 0:04:57] } 51. a6 { [%clk 0:02:16] } c1=Q+ { [%clk 0:04:48] } 52. Nf1 {
[%clk 0:02:16] } Bd4+ { [%clk 0:04:44] } 53. Kg2 { [%clk 0:02:15] } Qc6+ {
[%clk 0:04:44] } 0-1

[Event "Королевский Гамбит. Южный Федеральный округ."]
[Date "2025-11-21"]
[Round "4.8"]
[Board "8"]
[White "Третьякова Александрина"]
[WhiteElo "1009"]
[Black "Краль Вероника"]
[BlackElo "1000"]
[WebSite "https://www.chessopen.ru"]
[GameId "5c0cc732-4c5d-458f-b2a3-c79f3856cd10"]
[Result "1-0"]

1. e4 { [%clk 0:09:58] } e6 { [%clk 0:10:00] } 2. Nc3 { [%clk 0:09:56] } d5 {
[%clk 0:09:02] } 3. d4 { [%clk 0:09:52] } Nf6 { [%clk 0:08:49] } 4. e5 { [%clk
0:09:45] } Nfd7 { [%clk 0:08:41] } 5. Bf4 { [%clk 0:09:37] } c5 { [%clk
0:08:41] } 6. Bb5 { [%clk 0:09:30] } Nc6 { [%clk 0:08:37] } 7. Nf3 { [%clk
0:09:21] } a6 { [%clk 0:08:36] } 8. Bxc6 { [%clk 0:09:05] } bxc6 { [%clk
0:08:31] } 9. O-O { [%clk 0:09:02] } cxd4 { [%clk 0:08:26] } 10. Nxd4 { [%clk
0:08:56] } Qc7 { [%clk 0:08:17] } 11. a3 { [%clk 0:08:42] } Bc5 { [%clk
0:08:06] } 12. b4 { [%clk 0:08:39] } Bxd4 { [%clk 0:08:05] } 13. Qxd4 { [%clk
0:08:36] } O-O { [%clk 0:08:04] } 14. h4 { [%clk 0:08:09] } c5 { [%clk 0:07:57]
} 15. bxc5 { [%clk 0:07:49] } Qxc5 { [%clk 0:07:55] } 16. Qxc5 { [%clk 0:07:47]
} Nxc5 { [%clk 0:07:38] } 17. Rae1 { [%clk 0:07:43] } Rb8 { [%clk 0:07:19] }
18. Be3 { [%clk 0:07:35] } Nd7 { [%clk 0:06:38] } 19. f4 { [%clk 0:07:28] } Rb2
{ [%clk 0:06:00] } 20. Rf2 { [%clk 0:07:22] } Bb7 { [%clk 0:05:45] } 21. Rb1 {
[%clk 0:07:15] } Rxb1+ { [%clk 0:05:43] } 22. Nxb1 { [%clk 0:07:13] } Bc6 {
[%clk 0:05:44] } 23. Bd4 { [%clk 0:07:01] } Rb8 { [%clk 0:05:29] } 24. Nd2 {
[%clk 0:06:55] } Nb6 { [%clk 0:05:15] } 25. f5 { [%clk 0:06:43] } Nc4 { [%clk
0:05:01] } 26. fxe6 { [%clk 0:06:25] } Nxd2 { [%clk 0:04:27] } 27. exf7+ {
[%clk 0:06:08] } Kf8 { [%clk 0:04:27] } 28. Bc5# { [%clk 0:06:05] } 1-0

[Event "Королевский Гамбит. Южный Федеральный округ."]
[Date "2025-11-21"]
[Round "4.8"]
[Board "8"]
[White "Хомец Оливия"]
[WhiteElo "1019"]
[Black "Нестерова Алёна"]
[BlackElo "1000"]
[WebSite "https://www.chessopen.ru"]
[GameId "dbb944d4-5512-4feb-b76b-b6a7765f3056"]
[Result "1-0"]

1. d4 { [%clk 0:10:00] } d5 { [%clk 0:10:00] } 2. Nc3 { [%clk 0:09:56] } Nf6 {
[%clk 0:09:58] } 3. Nf3 { [%clk 0:09:57] } Bf5 { [%clk 0:09:54] } 4. Bf4 {
[%clk 0:09:48] } h6 { [%clk 0:09:50] } 5. e3 { [%clk 0:09:28] } e6 { [%clk
0:09:43] } 6. Ne5 { [%clk 0:08:52] } Bd6 { [%clk 0:08:26] } 7. Nb5 { [%clk
0:08:42] } a6 { [%clk 0:07:58] } 8. Nc3 { [%clk 0:07:46] } Nc6 { [%clk 0:07:19]
} 9. Nxc6 { [%clk 0:07:44] } bxc6 { [%clk 0:07:18] } 10. Bg3 { [%clk 0:07:42] }
Bg4 { [%clk 0:06:56] } 11. Be2 { [%clk 0:07:34] } Bf5 { [%clk 0:06:25] } 12.
Bd3 { [%clk 0:07:20] } Qb8 { [%clk 0:06:09] } 13. Rb1 { [%clk 0:06:59] } Bb4 {
[%clk 0:05:32] } 14. Bxf5 { [%clk 0:06:51] } Bxc3+ { [%clk 0:05:28] } 15. bxc3
{ [%clk 0:06:50] } Qc8 { [%clk 0:05:22] } 16. O-O { [%clk 0:06:27] } exf5 {
[%clk 0:05:19] } 17. Re1 { [%clk 0:06:18] } O-O { [%clk 0:05:14] } 18. Be5 {
[%clk 0:06:13] } Nd7 { [%clk 0:04:50] } 19. Bg3 { [%clk 0:05:22] } Nf6 { [%clk
0:04:26] } 20. f3 { [%clk 0:05:14] } Nh5 { [%clk 0:04:01] } 21. Kf2 { [%clk
0:04:49] } f4 { [%clk 0:03:44] } 22. exf4 { [%clk 0:04:07] } Re8 { [%clk
0:03:28] } 23. Qd2 { [%clk 0:03:40] } Rxe1 { [%clk 0:03:26] } 24. Qxe1 { [%clk
0:03:03] } Qf5 { [%clk 0:02:49] } 25. Qe2 { [%clk 0:02:43] } a5 { [%clk
0:02:37] } 26. Rb7 { [%clk 0:02:32] } Qc8 { [%clk 0:02:10] } 27. Rb3 { [%clk
0:02:13] } a4 { [%clk 0:02:08] } 28. Rb4 { [%clk 0:02:09] } g5 { [%clk 0:01:55]
} 29. fxg5 { [%clk 0:02:06] } hxg5 { [%clk 0:01:44] } 30. Qe5 { [%clk 0:01:43]
} f6 { [%clk 0:01:30] } 31. Qxc7 { [%clk 0:01:20] } Qe8 { [%clk 0:00:54] } 32.
Rb7 { [%clk 0:01:17] } Qf8 { [%clk 0:00:26] } 33. Qh7# { [%clk 0:01:13] } 1-0

[Event "Королевский Гамбит. Южный Федеральный округ."]
[Date "2025-11-21"]
[Round "4.9"]
[Board "9"]
[White "Аристархов Максим"]
[WhiteElo "970"]
[Black "Савельев Максим"]
[BlackElo "1029"]
[WebSite "https://www.chessopen.ru"]
[GameId "760cb9d1-8123-4937-bbd8-2257f5555bb6"]
[Result "0-1"]

1. e4 { [%clk 0:09:59] } c5 { [%clk 0:09:59] } 2. c4 { [%clk 0:09:59] } Nc6 {
[%clk 0:10:00] } 3. Nf3 { [%clk 0:09:59] } g6 { [%clk 0:09:58] } 4. d3 { [%clk
0:09:43] } Bg7 { [%clk 0:09:58] } 5. Nc3 { [%clk 0:09:30] } d6 { [%clk 0:09:52]
} 6. b3 { [%clk 0:09:12] } Bxc3+ { [%clk 0:09:49] } 7. Bd2 { [%clk 0:09:04] }
Bxa1 { [%clk 0:09:48] } 8. Qxa1 { [%clk 0:09:04] } Nf6 { [%clk 0:09:49] } 9. h4
{ [%clk 0:08:56] } e5 { [%clk 0:09:31] } 10. Be2 { [%clk 0:08:37] } Nd4 { [%clk
0:09:20] } 11. Nxd4 { [%clk 0:08:29] } cxd4 { [%clk 0:09:00] } 12. Bb4 { [%clk
0:08:15] } a5 { [%clk 0:08:59] } 13. Ba3 { [%clk 0:08:00] } a4 { [%clk 0:08:51]
} 14. bxa4 { [%clk 0:08:02] } Rxa4 { [%clk 0:08:46] } 15. Bc1 { [%clk 0:07:57]
} Qa5+ { [%clk 0:08:42] } 16. Kf1 { [%clk 0:07:46] } Rxa2 { [%clk 0:08:40] }
17. Qxa2 { [%clk 0:07:45] } Qxa2 { [%clk 0:08:40] } 18. Bd1 { [%clk 0:07:14] }
Qb1 { [%clk 0:08:39] } 19. Bd2 { [%clk 0:07:10] } Qxd1+ { [%clk 0:08:38] } 20.
Be1 { [%clk 0:07:07] } Qxd3+ { [%clk 0:08:39] } 21. Kg1 { [%clk 0:07:05] } Qxe4
{ [%clk 0:08:38] } 22. Rh3 { [%clk 0:07:02] } Qxe1+ { [%clk 0:08:38] } 23. Kh2
{ [%clk 0:06:56] } Bxh3 { [%clk 0:08:40] } 24. Kxh3 { [%clk 0:06:57] } Ne4 {
[%clk 0:08:31] } 25. h5 { [%clk 0:06:15] } f5 { [%clk 0:08:24] } 26. g3 { [%clk
0:06:08] } Qh1# { [%clk 0:08:20] } 0-1